000 00270nam a2200121 a 4500
008 100924s1987|||| d
100 1 _aFrühauf, Klaus
245 1 0 _aExperiment
260 _bPravda
_aBratislava
_c1987
020 _c30
044 _axo
_cSK
041 _aslo
999 _c10672
_d10672